Artificial Intelligence in Medical Sciences and Psychology : (Record no. 594817)
[ view plain ]
| 000 -LEADER | |
|---|---|
| fixed length control field | 00480nam a22001457a 4500 |
| 020 ## - INTERNATIONAL STANDARD BOOK NUMBER | |
| International Standard Book Number | 978-1-4842-8216-8 |
| 082 ## - DEWEY DECIMAL CLASSIFICATION NUMBER | |
| Classification number | 006.3 |
| Author Mark | NOK |
| 100 ## - MAIN ENTRY--PERSONAL NAME | |
| Personal name | Nokeri, Tshepo Chris |
| 245 ## - TITLE STATEMENT | |
| Title | Artificial Intelligence in Medical Sciences and Psychology : |
| Remainder of title | With Application of Machine Language, Computer Vision, and NLP Techniques / |
| Statement of responsibility, etc. | Tshepo Chris Nokeri |
| 250 ## - EDITION STATEMENT | |
| Edition statement | 1st ed. |
| 260 ## - PUBLICATION, DISTRIBUTION, ETC. | |
| Place of publication, distribution, etc. | Berkeley : |
| Name of publisher, distributor, etc. | Apress , |
| Date of publication, distribution, etc. | 2022. |
| 300 ## - PHYSICAL DESCRIPTION | |
| Extent | ix, 173 p : |
| 563 ## - BINDING INFORMATION | |
| Binding note | PB |
| 942 ## - ADDED ENTRY ELEMENTS (KOHA) | |
| Source of classification or shelving scheme | |
| Koha item type | Book |
| Withdrawn status | Lost status | Source of classification or shelving scheme | Damaged status | Not for loan | Permanent Location | Current Location | Shelving location | Date acquired | Total Checkouts | Full call number | Barcode | Date last seen | Price effective from | Koha item type |
|---|---|---|---|---|---|---|---|---|---|---|---|---|---|---|
| School of Mechanical & Manufacturing Engineering (SMME) | School of Mechanical & Manufacturing Engineering (SMME) | General Stacks | 05/19/2023 | 006.3 NOK | SMME- 4384 | 05/19/2023 | 05/19/2023 | Book |
